|
|
|
|
| LEADER |
00000nam0a2200000 4500 |
| 001 |
258101 |
| 005 |
20231101233250.0 |
| 020 |
|
|
|a RU
|b 87-16504
|
| 035 |
|
|
|a (RuTPU)RU\TPU\book\280937
|
| 090 |
|
|
|a 258101
|
| 100 |
|
|
|a 20140422d1986 k y0rusy5003 ca
|
| 101 |
0 |
|
|a rus
|
| 102 |
|
|
|a RU
|
| 105 |
|
|
|a a z 001zy
|
| 200 |
1 |
|
|a Стохастичность в динамических системах
|e препринт З17-86-221
|f Ш. Шуян
|g Объединенный институт ядерных исследований (ОИЯИ)
|
| 210 |
|
|
|a Дубна
|c Изд-во ОИЯИ
|d 1986
|
| 215 |
|
|
|a 105 с.
|c ил.
|
| 225 |
1 |
|
|a Лекции для молодых ученых
|v Вып.34
|
| 320 |
|
|
|a Библиогр.: с. 101-105. Список работ Ш. Шуяна, относящихся к материалам лекций, с. 5-7 (42 назв.).
|
| 606 |
1 |
|
|a Динамические системы
|x Статистические методы изучения
|2 stltpush
|3 (RuTPU)RU\TPU\subj\9532
|9 36762
|
| 610 |
1 |
|
|a стохастическая теория
|
| 610 |
1 |
|
|a стохастичность
|
| 610 |
1 |
|
|a инвариантность
|
| 610 |
1 |
|
|a инвариантные меры
|
| 610 |
1 |
|
|a геоморфизмы
|
| 610 |
1 |
|
|a отображения
|
| 610 |
1 |
|
|a преобразование
|
| 675 |
|
|
|a 681.51.033:51
|z rus
|v 3
|
| 700 |
|
1 |
|a Шуян
|b Ш.
|
| 712 |
0 |
2 |
|a Объединенный институт ядерных исследований (ОИЯИ)
|c (Дубна)
|2 stltpush
|3 (RuTPU)RU\TPU\col\243
|
| 801 |
|
0 |
|a RU
|b RuMRKP
|c 19950417
|g psbo
|
| 801 |
|
1 |
|a RU
|b 63413507
|c 20140422
|
| 801 |
|
2 |
|a RU
|b 63413507
|c 20141028
|g RCR
|
| 942 |
|
|
|c BK
|